000
nam a22 7a 4500
999
_c
45721
_d
45721
003
OSt
005
20190406124353.0
008
190406b xxu||||| |||| 00| 0 eng d
040
_c
sero soft
100
_a
Ross,James S
245
_a
Ross,James s
260
_a
Delhi
_b
Surjeet
300
_a
495
942
_2
ddc
_c
02